| 000 | 00463nam a2200181 a 4500 | ||
|---|---|---|---|
| 001 | 5858 | ||
| 003 | CDMR | ||
| 005 | 20131025103629.0 | ||
| 008 | 130220s1981||||||||||||||||||||||||||||d | ||
| 040 |
_aCDMR _bcat _cCDMR |
||
| 100 | 1 |
_aMeneses, Enrique _92883 |
|
| 245 | 1 | 0 |
_aEscrito en carne _cEnrique Meneses |
| 260 |
_aBarcelona _bPlaneta _c1981 |
||
| 300 |
_a297 p. ; _c20 cm |
||
| 490 | 0 |
_aDocumento _v33 |
|
| 650 | 0 | 4 |
_93074 _aPeriodistes _vBiografia |
| 942 |
_cMON _2udc |
||
| 999 |
_c5858 _d5858 |
||